Parent and family involvement.

This video examines parent involvement in their child's education, factors that determine whether a parent is likely to become involved, the effects on children's achievement and overall achievement school wide.

Bibliographic Details
Other Authors: Holloway, Susan (Speaker)
Format: Video
Language:English
Language Notes:Closed-captions in English.
Published: London, United Kingdom : SAGE Publications Ltd., 2015.
Series:SAGE video tutorials.
Subjects:
Online Access:Connect to this streaming video

MARC

Tag First Indicator Second Indicator Subfields
LEADER 00000cgm a2200000 i 4500
001 in00003755421
005 20190412191556.0
006 m|||||o||c||||||||
007 vz |za|||
007 cr |za||||||||
008 150526s2015 enk||| f |o v|eng|d
020 |a 9781473934788 (streaming video) :  |c No price 
035 |a (StDuBDS)EDZ0001163514 
040 |a StDuBDS  |b eng  |e rda  |c StDuBDS  |e pn  |d UtOrBLW 
041 0 |j eng 
050 4 |a LB1048.5 
082 0 4 |a 371.192  |2 23 
245 0 0 |a Parent and family involvement. 
264 1 |a London, United Kingdom :  |b SAGE Publications Ltd.,  |c 2015. 
300 |a 1 online resource (1 video file (10 min., 39 sec.)) :  |b sound, color. 
336 |a two-dimensional moving image  |b tdi  |2 rdacontent 
337 |a computer  |b c  |2 rdamedia 
338 |a online resource  |b cr  |2 rdacarrier 
490 1 |a SAGE video tutorials 
511 0 |a Speaker, Susan Holloway. 
520 8 |a This video examines parent involvement in their child's education, factors that determine whether a parent is likely to become involved, the effects on children's achievement and overall achievement school wide. 
521 |a Specialized. 
546 |a Closed-captions in English. 
588 |a Description based on online resource; title from home page (viewed on June 9, 2015). 
650 0 |a Education  |x Parent participation.  |0 http://id.loc.gov/authorities/subjects/sh87002284 
650 0 |a Motivation in education.  |0 http://id.loc.gov/authorities/subjects/sh85087566 
655 7 |a Nonfiction television programs.  |2 lcgft  |0 http://id.loc.gov/authorities/genreForms/gf2011026425 
655 7 |a Internet videos.  |2 lcgft  |0 http://id.loc.gov/authorities/genreForms/gf2011026337 
700 1 |a Holloway, Susan,  |e speaker. 
830 0 |a SAGE video tutorials. 
856 4 0 |u http://proxy.library.tamu.edu/login?url=http://sk.sagepub.com/video/parent-and-family-involvement-holloway-tuto  |z Connect to this streaming video  |t 0 
999 f f |s f8ff2471-b95c-37ef-9961-bdc4b4c9dcf5  |i 2326a6d9-4df4-3863-814b-dd1e22700546  |t 0 
952 f f |a Texas A&M University  |b College Station  |c Electronic Resources  |d Available Online  |t 0  |e LB1048.5  |h Library of Congress classification 
998 f f |a LB1048.5  |t 0  |l Available Online